Vista normal Vista MARC

Psicología del Aprendizaje (Registro nro. 667)

Detalles MARC
000 -Cabecera (24)
Campo de control interno 01314nam a22002897a 4500
001 - Número de control
Campo de control UTEA
005 - Fecha y hora de la
Campo de control 20231215141630.0
006 - Campos de control - información adicional
Campos de control g||||gr||||||01 nz
007 - Tipo material - Descripcion fisica - info general
Tipo material ta
008 - Códigos de longitud fija (40p)
Campo de control de longitud fija 161201b pe||||| |||| 00| 0 spa d
020 ## - INTERNATIONAL STANDARD BOOK NUMBER
ISBN 9786123024871
040 ## - Origen de la Catalogacion
Centro catalogador/agencia de origen UTEA
041 ## - Código de idioma (R)
Código de lengua del texto/banda sonora o título independiente (R) Es
044 ## - COUNTRY OF PUBLISHING/PRODUCING ENTITY CODE
MARC country code PE
082 ## - Número de la Clasificación
Número de la Clasificación 370.15
Notación Interna C95
100 ## - Autor Personal
Autor Personal Cuevas Cipriani, Rudy
Títulos y otros términos asociados al nombre (R) Doctor en Ciencias de la Educación
Término indicativo de función (R) Autor
245 ## - Titulo
Titulo Psicología del Aprendizaje
Mención del autor Rudy Cuevas Cipriano
Medio físico [Impreso]
250 ## - Mencion de edicion
Mencion de edicion 1a edición
260 ## - Editorial
Ciudad Lima - Perú
Nombre de la Editorial Editorial San Marcos
Fecha 2011
300 ## - Descripcion
Páginas 552 páginas.
Otros detalles físicos Figuras y cuadros
Dimensiones 17 x 24 cm.
505 ## - Nota de contenido formateada
Nota de contenido formateada Índice del Libro] Psicología del Aprendizaje. -- El modelo alostérico y las teorías contemporáneas sobre el aprendizaje. -- Aproximación conceptual del aprendizaje. -- El aprendizaje basados en metas. -- Constructivismo, innovación didáctica y aprendizaje en las aulas. -- Estrategias para el aprendizaje significativo. -- Aprendizaje basada en casos. --
520 ## - Resumen
Resumen Este libro trata del aprendizaje humano que esta relacionado con la educación y el desarrollo personal.
650 #0 - Temas - Descriptores
Temas - Descriptores PSICOLOGÍA DEL APRENDIZAJE
9 (RLIN) 54637
650 #0 - Temas - Descriptores
Temas - Descriptores PSICOLOGÍA DEL APRENDIZAJE
9 (RLIN) 54637
653 ## - Palabras Claves
Palabras Claves EDUCACIÓN
-- APRENDIZAJE
-- AUTOAPRENDIZAJE
-- PRINCIPIOS
942 ## - Datos personalizados Koha
Esquema de Clasificacion Dewey Decimal Classification
Tipo de Documento Libros
Fecha procesamiento 2023-12-15
Existencias
Estado de retiro Estado de pérdida Fuente de Clasificacion Estado No para préstamo Escuela Profesional/ Mención de Maestría Localización permanente Ubicación/localización actual Ubicación en estantería Fuente de adquisición Número de inventario Precio dolares Signatura topográfica completa Código de barras Coste, precio de reemplazo Precio válido a partir de Tipo de ítem Koha
    Dewey Decimal Classification     E.P. Educación Biblioteca Abancay UTEA Biblioteca Abancay UTEA Área de Letras y Humanidades (primer Piso) Compra 35141596 2016-01-12 370.15 C95 2011 BABA16120001 38.00 12/01/2016 Libros